Mixed Word: 5 Letter A-Z XII Quiz Stats

 Plays Quiz Updated Oct 26, 2018

Challenge
Share
Tweet
Embed
Score 0/26 Timer 02:00
1 Play Today
Mixed Word Answer % Correct
PAPELAPPLE
97.8%
YAPHPHAPPY
95.3%
XIONNNIXON
94.1%
MBLIPBLIMP
93.6%
NEQUEQUEEN
92.8%
LEDAMMEDAL
92.3%
PARPEPAPER
92.1%
NECAOOCEAN
90.8%
LEGAEEAGLE
90.8%
FADECDECAF
90.3%
SUJDAJUDAS
89.5%
ETHIFTHIEF
89.3%
ECELHLEECH
88.8%
Mixed Word Answer % Correct
DIEOVVIDEO
87.1%
OZOKAKAZOO
83.1%
ZARRORAZOR
81.9%
DISQUSQUID
81.3%
OGOLIIGLOO
80.4%
HELEWWHEEL
79.8%
MECLACAMEL
78.5%
MEENYYEMEN
73.4%
RIFAYFAIRY
72.6%
YZTESZESTY
64.1%
CEGOKGECKO
63.1%
BURNAURBAN
48.4%
LEMXYXYLEM
47.4%

You're not logged in!

Compare scores with friends on all Sporcle quizzes.
OR
Log In

You Might Also Like...

Show Comments

Extras

Top Quizzes Today


Score Distribution

Your Account Isn't Verified!

In order to create a playlist on Sporcle, you need to verify the email address you used during registration. Go to your Sporcle Settings to finish the process.

Report this User

Report this user for behavior that violates our Community Guidelines.

Details: